|
|
|
|
| LEADER |
00566nam a22001697a 4500 |
| 020 |
|
|
|a 9788184234572
|
| 082 |
|
|
|a M301
|b AND/B
|
| 100 |
|
|
|a Andrews Philip
|9 50694
|
| 245 |
|
|
|a Bakkivecha kathakal/
|c by Andrews Philip
|
| 260 |
|
|
|a Thrissur:
|b G Motivation,
|c 2015.
|
| 300 |
|
|
|a 126p.
|
| 650 |
|
|
|a Stories Malayalam
|9 50695
|
| 650 |
|
|
|a Literature Malayalam
|9 50696
|
| 650 |
|
|
|a Literature
|9 50697
|
| 942 |
|
|
|c BK
|
| 999 |
|
|
|c 72326
|d 72326
|
| 952 |
|
|
|0 0
|1 0
|4 0
|6 M_301_000000000000000_AND_B
|7 0
|9 93007
|a SSUS
|b SSUS
|c STACKS
|d 2018-06-13
|g 110.00
|o M301 AND/B
|p 090395
|r 2018-06-13
|w 2018-06-13
|y BK
|